000 00513cam a2200145 4500500
005 20260111141919.0
041 _afre
042 _adc
100 1 0 _aHartmann, Pierre
_eauthor
245 0 0 _aJean-François Perrin, Rousseau, le chemin de ronde, Paris, Hermann, 2014, 470 p.
260 _c2015.
500 _a65
786 0 _nDix-huitième siècle | 47 | 1 | 2015-06-17 | p. LVII-LVII | 0070-6760
856 4 1 _uhttps://shs.cairn.info/revue-dix-huitieme-siecle-2015-1-page-LVII?lang=fr&redirect-ssocas=7080
999 _c1635080
_d1635080